000 00189nam a2200073Ia 4500
008 170617s9999 xx 000 0 und d
100 _aGupta-Ashok K.
245 0 _aIntroduction to Pharmaceutics-10
260 _bMumbai-Source
999 _c14869
_d14869